Estatísticas para Ilhas Salomão

Clique aqui para jogar o quiz

Estatísticas Gerais

  • Esse quiz foi jogado 8 vezes
  • A pontuação média é 7 de 12

Estatísticas das Respostas

HintResposta% Correto
Qual é o seu idioma?Inglês
100%
Em que oceano ficam?Pacífico
100%
De que país é independente?Reino Unido
100%
Onde fica?Oceania
88%
Com que país faz fronteira a Nordeste?Nauru
75%
Com que país faz fronteira a Sudeste?Vanuatu
75%
Com que país faz fronteira a Oeste?Papua-Nova Guiné
63%
Qual é a sua capital?Honiara
50%
Qual é o seu tipo de clima?Equatorial
25%
Qual é a sua moeda?Dólar das ilhas Salomão
13%
Em que arquipélago ficam?Melanésia
13%
Qual é o seu código ISO?SLB
0%

Distribuição das Pontuações

Percentil de Números Respondidos

Porcentagem de Pessoas com Cada Pontuação

Sua Pontuação Histórica

Você não jogou esse quiz